Examination of the newborn and neonatal health : (Record no. 116320)
[ view plain ]
| 000 -LEADER | |
|---|---|
| fixed length control field | 00973cam a2200277 a 4500 |
| 008 - FIXED-LENGTH DATA ELEMENTS--GENERAL INFORMATION | |
| fixed length control field | |
| 020 ## - INTERNATIONAL STANDARD BOOK NUMBER | |
| International Standard Book Number | 0443103399 (pbk.) |
| 049 ## - LOCAL HOLDINGS (OCLC) | |
| Holding library | MAIN |
| 090 ## - LOCALLY ASSIGNED LC-TYPE CALL NUMBER (OCLC); LOCAL CALL NUMBER (RLIN) | |
| Classification number (OCLC) (R) ; Classification number, CALL (RLIN) (NR) | RJ255.5 |
| Local cutter number (OCLC) ; Book number/undivided call number, CALL (RLIN) | EXA |
| 003 - CONTROL NUMBER IDENTIFIER | |
| control field | |
| 005 - DATE AND TIME OF LATEST TRANSACTION | |
| control field | 20230120204044.0 |
| 040 ## - CATALOGING SOURCE | |
| Transcribing agency | NUST |
| 245 00 - TITLE STATEMENT | |
| Title | Examination of the newborn and neonatal health : |
| Remainder of title | a multidimensional approach / |
| Statement of responsibility, etc. | [edited by] Lorna Davies, Sharon McDonald ; foreword by Nicky Leap. |
| 260 ## - PUBLICATION, DISTRIBUTION, ETC. | |
| Place of publication, distribution, etc. | Edinburgh ; |
| -- | New York : |
| Name of publisher, distributor, etc. | Churchill Livingstone, |
| Date of publication, distribution, etc. | 2008. |
| 300 ## - PHYSICAL DESCRIPTION | |
| Extent | xi, 296 p. : |
| Other physical details | ill. ; |
| Dimensions | 25 cm. |
| 500 ## - GENERAL NOTE | |
| General note | Includes index. |
| 504 ## - BIBLIOGRAPHY, ETC. NOTE | |
| Bibliography, etc. note | Includes bibliographical references. |
| 650 #0 - SUBJECT ADDED ENTRY--TOPICAL TERM | |
| Topical term or geographic name entry element | Newborn infants |
| General subdivision | Medical examinations. |
| 650 #0 - SUBJECT ADDED ENTRY--TOPICAL TERM | |
| Topical term or geographic name entry element | Newborn infants |
| General subdivision | Diseases |
| -- | Diagnosis. |
| 650 ## - SUBJECT ADDED ENTRY--TOPICAL TERM | |
| Topical term or geographic name entry element | Infant, Newborn, Diseases |
| General subdivision | diagnosis. |
| 650 ## - SUBJECT ADDED ENTRY--TOPICAL TERM | |
| Topical term or geographic name entry element | Neonatal Screening. |
| 700 1# - ADDED ENTRY--PERSONAL NAME | |
| Personal name | Davies, Lorna. |
| 700 1# - ADDED ENTRY--PERSONAL NAME | |
| Personal name | McDonald, Sharon. |
| 907 ## - LOCAL DATA ELEMENT G, LDG (RLIN) | |
| a | .b1028963x |
| b | 29-01-14 |
| c | 18-01-11 |
| 942 ## - ADDED ENTRY ELEMENTS (KOHA) | |
| Koha item type | Ordinary Loan Books |
| Call number prefix | RJ255.5 |
| Call number suffix | EXA |
| Date last seen | Total Checkouts | Full call number | Barcode | Cost, replacement price | Price effective from | Koha item type | Lost status | Source of classification or shelving scheme | Damaged status | Not for loan | Collection | Withdrawn status | Home library | Current library | Shelving location | Date acquired | Cost, normal purchase price |
|---|---|---|---|---|---|---|---|---|---|---|---|---|---|---|---|---|---|
| 01/20/2023 | 4 | RJ255.5 EXA | 92004014478 | 80.00 | 01/20/2023 | BOOKS | LCC | NFIC | Medical | Medical | GEN | 01/20/2023 | 80.00 |